Fundamentals of Oil & Gas Accounting / (Record no. 11400)
[ view plain ]
| 000 -LEADER | |
|---|---|
| fixed length control field | 01411cam a2200337 a 4500 |
| 001 - CONTROL NUMBER | |
| control field | 15035688 |
| 005 - DATE AND TIME OF LATEST TRANSACTION | |
| control field | 20080910150710.0 |
| 008 - FIXED-LENGTH DATA ELEMENTS--GENERAL INFORMATION | |
| fixed length control field | 071005s2008 okua b 001 0 eng |
| 010 ## - LIBRARY OF CONGRESS CONTROL NUMBER | |
| LC control number | 2007041136 |
| 020 ## - INTERNATIONAL STANDARD BOOK NUMBER | |
| International Standard Book Number | 9781593701376 |
| 035 ## - SYSTEM CONTROL NUMBER | |
| System control number | (OCoLC)ocn173809075 |
| 035 ## - SYSTEM CONTROL NUMBER | |
| System control number | (OCoLC)173809075 |
| 040 ## - CATALOGING SOURCE | |
| Original cataloging agency | DLC |
| Transcribing agency | DLC |
| Modifying agency | BTCTA |
| -- | YDXCP |
| -- | BAKER |
| -- | C#P |
| -- | DLC |
| 050 00 - LIBRARY OF CONGRESS CALL NUMBER | |
| Classification number | HF5686.P3 |
| Item number | G3 2008 |
| 082 00 - DEWEY DECIMAL CLASSIFICATION NUMBER | |
| Classification number | 657.862 |
| Edition number | 22 |
| Item number | WRI |
| 100 1# - MAIN ENTRY--PERSONAL NAME | |
| Personal name | Wright, Charlotte J. |
| 9 (RLIN) | 4133 |
| 245 10 - TITLE STATEMENT | |
| Title | Fundamentals of Oil & Gas Accounting / |
| Statement of responsibility, etc | Charlotte J. Wright and Rebecca A. Gallun. |
| 246 3# - VARYING FORM OF TITLE | |
| Title proper/short title | Fundamentals of oil and gas accounting |
| 250 ## - EDITION STATEMENT | |
| Edition statement | 5th ed. |
| 260 ## - PUBLICATION, DISTRIBUTION, ETC. (IMPRINT) | |
| Place of publication, distribution, etc | Tulsa, Okla. : |
| Name of publisher, distributor, etc | PennWell, |
| Date of publication, distribution, etc | c2008. |
| 300 ## - PHYSICAL DESCRIPTION | |
| Extent | xiv, 770 p. : |
| Other physical details | ill. ; |
| Dimensions | 26 cm. |
| 500 ## - GENERAL NOTE | |
| General note | Rev. ed. of: Fundamentals of oil & gas accounting / Rebecca A. Gallun ... [et al.]. 4th ed. |
| 504 ## - BIBLIOGRAPHY, ETC. NOTE | |
| Bibliography, etc | Includes bibliographical references and index. |
| 650 #0 - SUBJECT ADDED ENTRY--TOPICAL TERM | |
| Topical term or geographic name as entry element | Petroleum industry and trade |
| General subdivision | Accounting. |
| 9 (RLIN) | 4134 |
| 650 #0 - SUBJECT ADDED ENTRY--TOPICAL TERM | |
| Topical term or geographic name as entry element | Gas industry |
| General subdivision | Accounting. |
| 9 (RLIN) | 4135 |
| 700 1# - ADDED ENTRY--PERSONAL NAME | |
| Personal name | Gallun, Rebecca A. |
| 9 (RLIN) | 4136 |
| 730 0# - ADDED ENTRY--UNIFORM TITLE | |
| Uniform title | Fundamentals of oil & gas accounting. |
| 9 (RLIN) | 4137 |
| 942 ## - ADDED ENTRY ELEMENTS (KOHA) | |
| Source of classification or shelving scheme | Dewey Decimal Classification |
| Item type | Book - Borrowing |
| Withdrawn status | Item status | Source of classification or shelving scheme | Damaged status | Not for loan | Vendor | Home library | Current library | Shelving location | Date acquired | Source of acquisition | Cost, normal purchase price | Serial Enumeration / chronology | Total Checkouts | Total Renewals | Full call number | Barcode | Date last seen | Date last borrowed | Koha item type |
|---|---|---|---|---|---|---|---|---|---|---|---|---|---|---|---|---|---|---|---|
| Dewey Decimal Classification | Central Library | Central Library | First floor | 23/04/2009 | 650.00 | 955 | 3 | 10 | 657.862 WRI | 000015554 | 15/07/2025 | 05/01/2017 | Book - Borrowing |